Kpop lyric quiz - Statistics

General Stats
  • This quiz has been taken 595 times
    214 since last reset
  • The average score is 10 of 20
Answer Stats
Hint Answer % Correct
It's you and me in this world Bite Me
79%
I bought diamonds at my dentist Ice on My Teeth
74%
All the girly girls CRAZY
65%
Hit you like a truck, ima make you fly Chk Chk Boom
64%
I love my team, I love my crew Super
62%
I'm star, star, star Queencard
59%
Feel like Cinderella Cat & Dog
58%
They keep talkin', I keep walkin' Icy
57%
On the big, big stage I AM
54%
We can go wherever you like, now where are you? ETA
53%
Lovey lovey lovey Antifragile
50%
Baby you're my crush Magnetic
49%
When I wake up in my room Burning Up (Fire)
44%
She sets me free [it's an] emergency Love 119
40%
I be walking with the cheese, that's that queso Regular (huh?)
40%
One, two, it's time to go Drama
39%
We wanna go rocka, rocka, rocka, rocka, rocka Ring Ding Dong
35%
I ain't gonna bite come on over Strategy
32%
You wanna know all about me Better Things
29%
Let's rizz up all night Nice Guy
29%
No matching quizzes found
Score Distribution
Percent of People with Each Score
Percentile by Number Answered
Your Score History
You have not taken this quiz since the last reset